La política en la Universidad española / (Record no. 23491)

MARC details
000 -LEADER
campo de control de longitud fija 00437nam a2200157 i 4500
001 - NÚMERO DE CONTROL
campo de control 23491
003 - IDENTIFICADOR DE NÚMERO DE CONTROL
campo de control ES-MaACL
007 - CAMPO FIJO DE DESCRIPCIÓN FÍSICA--INFORMACIÓN GENERAL
campo de control de longitud fija t|
008 - DATOS DE LONGITUD FIJA--INFORMACIÓN GENERAL
campo de control de longitud fija 021210s1975 sp ||||1| spa d
100 1# - ENTRADA PRINCIPAL--NOMBRE DE PERSONA
Nombre de persona Aller, Ramón María.
9 (RLIN) 20028
245 13 - MENCIÓN DEL TÍTULO
Título La política en la Universidad española /
Mención de responsabilidad, etc. Ramón María Aller.
250 ## - MENCION DE EDICION
Mención de edición [1ª ed.].
260 ## - PUBLICACIÓN, DISTRIBUCIÓN, ETC.
Lugar de publicación, distribución, etc. [Madrid] :
Nombre del editor, distribuidor, etc. Doncel,
Fecha de publicación, distribución, etc. [1975]
300 ## - DESCRIPCIÓN FÍSICA
Extensión 232 p. ;
Dimensiones 18 cm.
852 ## - LOCALIZACIÓN
Ubicación ES-MaACL
Número de control de estantería 8758
Sublocalización o colección R.93358
Holdings
Estatus retirado Estado de pérdida Estado de daño No para préstamo Biblioteca de origen Biblioteca actual Ubicación en estantería Fecha de adquisición Fuente de adquisición Total de préstamos Signatura topográfica completa Código de barras Visto por última vez Precio de reemplazo Tipo de ítem Koha
        Biblioteca del Ateneo de Madrid Biblioteca del Ateneo de Madrid Depósito 17/01/2008     8758 1024205 23/02/2023 23/02/2023 Libro impreso